| 000 | 00392nam a2200169Ia 4500 | ||
|---|---|---|---|
| 003 | 0STCL | ||
| 008 | 150530s9999 xx 000 0 und d | ||
| 040 |
_aSTCL _cSTCL |
||
| 100 | _aPramod Kumar Agarwal | ||
| 245 | _asatlaj Se Tames Tak | ||
| 260 |
_bSaraswati Mandir ; Allahabad _c1994 |
||
| 300 | _a0 | ||
| 546 | _aHindi | ||
| 942 |
_2ddc _cBK |
||
| 999 |
_c64467 _d64467 |
||
| 005 | 20220125171244.0 | ||